00725nam a2200217Ia 4500003000900000008004100009040001600050080001500066110002800081245008500109260003200194300001400226490003900240650002400279650003000303650001900333650002000352942000700372999001300379952011500392IN-BaIIA211028s9999 xx 000 0 eng d cIIA Library a521.9bUSN aUnited States Navy9408 0aAir navigationbpt. VII, nautical astronomy and celestial navigationcU. S. Navy aNew YorkbMcGraw-Hillc1944 aix, 198p. aFlight preparation training series aAir navigation9409 aCelestial navigation9410 aNASA thesaurus aNavigation9411 cBK c205d205 00104070aBANbBANcGENd0000-00-00g10.00l0o521.9/ USNp175r2021-11-05v10.00w0000-00-00yBKGRs. 10.00